Annual Parole Survey, 1994

The 1994 Annual Parole Survey provides a count of the total number of persons supervised in the community on January 1 and December 31, 1994, and a count of the number entering and leaving supervision during the year. The survey also provides counts of the number of parolees by certain characteristi...

Ausführliche Beschreibung

Gespeichert in:  
Bibliographische Detailangaben
Körperschaft: USA. VerfasserIn (Verfasst von)
Medienart: Elektronisch Forschungsdaten Statistik
Sprache:Englisch
Veröffentlicht: [Erscheinungsort nicht ermittelbar] [Verlag nicht ermittelbar] 2012
In:Jahr: 2012
Online-Zugang: Volltext (kostenfrei)
Verfügbarkeit prüfen: HBZ Gateway
Schlagwörter:

MARC

LEADER 00000cam a22000002c 4500
001 1840049316
003 DE-627
005 20251117212655.0
007 cr uuu---uuuuu
008 230324s2012 xx |||||os 00| ||eng c
024 7 |a 10.3886/ICPSR29662.v1  |2 doi 
035 |a (DE-627)1840049316 
035 |a (DE-599)KXP1840049316 
040 |a DE-627  |b ger  |c DE-627  |e rda 
041 |a eng 
084 |a 2,1  |2 ssgn 
110 2 |a USA  |b Bureau of Justice Statistics  |e VerfasserIn  |0 (DE-588)128916-0  |0 (DE-627)102383049  |0 (DE-576)190702192  |4 aut 
245 1 0 |a Annual Parole Survey, 1994 
264 1 |a [Erscheinungsort nicht ermittelbar]  |b [Verlag nicht ermittelbar]  |c 2012 
336 |a Text  |b txt  |2 rdacontent 
337 |a Computermedien  |b c  |2 rdamedia 
338 |a Online-Ressource  |b cr  |2 rdacarrier 
520 |a The 1994 Annual Parole Survey provides a count of the total number of persons supervised in the community on January 1 and December 31, 1994, and a count of the number entering and leaving supervision during the year. The survey also provides counts of the number of parolees by certain characteristics, such as gender, race, Hispanic or Latino origin, and supervision status. This survey covers all 50 states, the District of Columbia, and the federal system. 
540 |a ICPSR Terms of Use 
650 0 7 |0 (DE-588)4183472-0  |0 (DE-627)105302465  |0 (DE-576)210018860  |a Strafjustiz  |2 gnd 
650 0 7 |0 (DE-588)4333437-4  |0 (DE-627)148058949  |0 (DE-576)211340499  |a Bewährung  |2 gnd 
650 0 7 |0 (DE-588)4122916-2  |0 (DE-627)105758957  |0 (DE-576)209555319  |a Bewährungshelfer  |2 gnd 
650 0 7 |0 (DE-588)4127783-1  |0 (DE-627)105722154  |0 (DE-576)20959649X  |a Verurteilung  |2 gnd 
650 4 |a CRIMINAL justice system 
650 4 |a Parole 
650 4 |a parolees 
650 4 |a Sentencing 
655 7 |a Statistik  |y 1994  |z USA  |0 (DE-588)4056995-0  |0 (DE-627)106152955  |0 (DE-576)209119799  |2 gnd-content 
655 7 |a Forschungsdaten  |0 (DE-588)1098579690  |0 (DE-627)857755366  |0 (DE-576)469182156  |2 gnd-content 
787 0 8 |i Forschungsdaten zu  |a Maruschak, Laura  |t Adults on Parole, Federal and State-by-State, 1975-2012  |d [Erscheinungsort nicht ermittelbar] : Bureau of Justice Statistics, 2013  |w (DE-627)1912451409 
787 0 8 |i Forschungsdaten zu  |a O'Brien, Timothy L.  |t Arresting confidence: Mass incarceration and Black-White differences in perceptions of legal authorities  |d 2020  |w (DE-627)1912460483 
787 0 8 |i Forschungsdaten zu  |a Sohoni, Tracy  |t Begging for crime? The effect of state laws restricting access to temporary assistance for needy families on unsuccessful completion of parole  |d 2021  |w (DE-627)1912466759 
787 0 8 |i Forschungsdaten zu  |a Papp, Jordan  |t Benchmarking the 2022 Q2 Vintage of the Criminal Justice Administrative Records System's Data Infrastructure  |d [Erscheinungsort nicht ermittelbar] : Institute for Social Research, 2022  |w (DE-627)1912467232 
787 0 8 |i Forschungsdaten zu  |a Papp, Jordan  |t Benchmarking the Criminal Justice Administrative Records System's Data Infrastructure  |d [Erscheinungsort nicht ermittelbar] : Institute for Social Research at the University of Michigan, 2021  |w (DE-627)1912467240 
787 0 8 |i Forschungsdaten zu  |a Pew Charitable Trusts  |t Comprehensive Policies Can Improve Probation and Parole  |d Pew Charitable Trusts, 2020  |w (DE-627)1912488590 
787 0 8 |i Forschungsdaten zu  |a Patterson, Evelyn J.D.  |t A Demography of Incarceration: An Analysis of Measurement and Mortality in United States' State Correctional Facilities, 1985-1998  |d [Erscheinungsort nicht ermittelbar] : University of Pennsylvania, 2007  |w (DE-627)1912508788 
787 0 8 |i Forschungsdaten zu  |a Hall, Joshua C.  |t Economic Freedom and Recidivism: Evidence from US States  |d [Erscheinungsort nicht ermittelbar] : [Verlag nicht ermittelbar], 2014  |w (DE-627)1912526530 
787 0 8 |i Forschungsdaten zu  |a Brown, Owen  |t From the civil rights movement to the rise of the incarceration nation: The politics of race and crime in contemporary America  |d 2012  |w (DE-627)1912562634 
787 0 8 |i Forschungsdaten zu  |a Knapp, Courtney  |t Local planning in the age of mass decarceration  |d 2020  |w (DE-627)1912611058 
787 0 8 |i Forschungsdaten zu  |a Phelps, Michelle  |t Mass probation  |d 2017  |w (DE-627)1743095287 
787 0 8 |i Forschungsdaten zu  |a Petersilia, Joan, 1951 - 2019  |t Parole and prisoner reentry in the United States  |d 1999  |w (DE-627)1912644983 
787 0 8 |i Forschungsdaten zu  |a Petersilia, Joan, 1951 - 2019  |t Parole and prisoner reentry in the United States: Part II  |d 2000  |w (DE-627)1912644991 
787 0 8 |i Forschungsdaten zu  |a Stober, Emmanuel  |t The race warfare and the United States justice system  |d 2020  |w (DE-627)1912674300 
787 0 8 |i Forschungsdaten zu  |a Kanable, Rebecca  |t Statistically speaking  |d 2005  |w (DE-627)1912712415 
787 0 8 |i Forschungsdaten zu  |a Hughes, Timothy A.  |t Trends in State Parole, 1990-2000  |d [Erscheinungsort nicht ermittelbar] : United States Department of Justice, Bureau of Justice Statistics, 2001  |w (DE-627)1912730170 
856 4 0 |u https://doi.org/10.3886/ICPSR29662.v1  |x Resolving-System  |z kostenfrei  |3 Volltext  |7 0 
935 |a mkri 
951 |a BO 
ELC |a 1 
LOK |0 000 xxxxxcx a22 zn 4500 
LOK |0 001 4296796712 
LOK |0 003 DE-627 
LOK |0 004 1840049316 
LOK |0 005 20230324125211 
LOK |0 008 230324||||||||||||||||ger||||||| 
LOK |0 035   |a (DE-2619)ICPSR29662 
LOK |0 040   |a DE-2619  |c DE-627  |d DE-2619 
LOK |0 092   |o n 
LOK |0 852   |a DE-2619 
LOK |0 852 1  |9 00 
LOK |0 935   |a stat  |a foda  |a nacj 
LOK |0 939   |a 24-03-23  |b l01 
OAS |a 1 
ORI |a SA-MARC-krimdoka001.raw 
TIM |a 100019940101_100019941231  |b 1994 - 1994